000 003720000a22001570004500
001 002789
003 MACL
040 _aMACL
090 _c14782
_d14781
100 _aLakshmanjoo, Swami
245 _aSiva Sutras
_bThe Supreme Awakening
_cSwami Lakshmanjoo
260 _aMunshiram manoharlal Publishers,
_c2007
350 _a400
650 _aReligion
942 _k291
_cBook
999 _c14698
_d14698